Whales - Statistics

General Stats
  • This quiz has been taken 77 times
  • The average score is 6 of 12
Answer Stats
Picture Answer % Correct
Narwhal
86%
Sperm Whale
85%
Blue Whale
75%
Beluga Whale
71%
Humpback Whale
69%
Fin Whale
39%
Minke Whale
37%
Right Whale
37%
Gray Whale
32%
Bowhead Whale
27%
Sei Whale
27%
Beaked Whale
12%
No matching quizzes found
Score Distribution
Percent of People with Each Score
Percentile by Number Answered
Your Score History
You have not taken this quiz